Universaľnyje obertyvajuščije algebry
Guardado en:
| Autor principal: | |
|---|---|
| Formato: | Libro |
| Lenguaje: | ruso |
| Publicado: |
Moskva :
Mir,
1978
|
| Edición: | Z franc. prel. A.Bachturin |
| Etiquetas: |
Sin Etiquetas, Sea el primero en etiquetar este registro!
|
MARC
| LEADER | 00000nam a22000003a 4500 | ||
|---|---|---|---|
| 001 | stu201705 | ||
| 005 | 20150617230044.7 | ||
| 008 | 100329s1978----xxr-----------------rus-d | ||
| 040 | |a STU |b slo | ||
| 041 | 0 | |a rus | |
| 044 | |a xxr | ||
| 080 | |a 512.554.342 | ||
| 080 | |a 519.46 | ||
| 100 | 1 | |a Dixmier, Jacques |4 aut | |
| 242 | 0 | 0 | |a Algebres enveloppantes |
| 245 | 1 | |a Universaľnyje obertyvajuščije algebry | |
| 250 | |a Z franc. prel. A.Bachturin | ||
| 260 | |a Moskva : |b Mir, |c 1978 | ||
| 300 | |a 407 s | ||
| 996 | |b E41671 |c E*41671 |l EE03 |s P |a 0 |w stu201705_0001 | ||